Signals and Systems using MATLAB / (Record no. 171963)

MARC details
000 -LEADER
fixed length control field 01041nam a22003017a 4500
003 - CONTROL NUMBER IDENTIFIER
control field OSt
005 - DATE AND TIME OF LATEST TRANSACTION
control field 20250604113205.0
008 - FIXED-LENGTH DATA ELEMENTS--GENERAL INFORMATION
fixed length control field 250604b |||||||| |||| 00| 0 eng d
020 ## - INTERNATIONAL STANDARD BOOK NUMBER
International Standard Book Number 9780128142042 (paperback)
040 ## - CATALOGING SOURCE
Original cataloging agency NUST
Language of cataloging eng
Transcribing agency NUST
Modifying agency NUST
Description conventions rda
050 ## - LIBRARY OF CONGRESS CALL NUMBER
Classification number TK5102.9 CHA
100 ## - MAIN ENTRY--PERSONAL NAME
Personal name Chaparro, Luis
Relator term Author
245 ## - TITLE STATEMENT
Title Signals and Systems using MATLAB /
Statement of responsibility, etc. Luis Chaparro and Aydin Akan.
250 ## - EDITION STATEMENT
Edition statement Third edition.
260 ## - PUBLICATION, DISTRIBUTION, ETC.
Place of publication, distribution, etc. London :
Name of publisher, distributor, etc. Academic Press,
Date of publication, distribution, etc. 2019.
300 ## - PHYSICAL DESCRIPTION
Extent xix, 816 pages :
Other physical details Illustrations ;
Dimensions 27 cm.
336 ## - CONTENT TYPE
Source rdamedia
Content type term text
Content type code txt
337 ## - MEDIA TYPE
Source rdamedia
Media type term unmediated
Media type code n
338 ## - CARRIER TYPE
Source rdamedia
Carrier type term volume
Carrier type code nc
504 ## - BIBLIOGRAPHY, ETC. NOTE
Bibliography, etc. note Includes bibliographical references index.
650 ## - SUBJECT ADDED ENTRY--TOPICAL TERM
Form subdivision Telecommunication.
650 ## - SUBJECT ADDED ENTRY--TOPICAL TERM
Form subdivision Electronics nuclear. 
650 ## - SUBJECT ADDED ENTRY--TOPICAL TERM
Form subdivision Nuclear engineering .
650 ## - SUBJECT ADDED ENTRY--TOPICAL TERM
Form subdivision Technology electrical engineering.
650 ## - SUBJECT ADDED ENTRY--TOPICAL TERM
Form subdivision Electronics nuclear engineering. 
700 ## - ADDED ENTRY--PERSONAL NAME
Personal name Akan, Aydin
Relator term Author
942 ## - ADDED ENTRY ELEMENTS (KOHA)
Source of classification or shelving scheme Library of Congress Classification
Koha item type Ordinary Loan Books
Edition Third edition.
Classification part TK5102.9 CHA
Call number prefix TK
Call number suffix CHA
Suppress in OPAC No
Holdings
Withdrawn status Lost status Source of classification or shelving scheme Damaged status Not for loan Collection Home library Current library Shelving location Date acquired Source of acquisition Cost, normal purchase price Total Checkouts Full call number Barcode Date last seen Accession number Cost, replacement price Price effective from Koha item type Public note
    LCC     NFIC MAIN MAIN GEN 06/04/2025 Book Aid International 40.00   TK5102.9 CHA 92004057173 06/04/2025 62718 40.00 06/04/2025 BOOKS Donation